<?xml version="1.0" encoding="UTF-8"?>
<record
    xmlns:xsi="http://www.w3.org/2001/XMLSchema-instance"
    xsi:schemaLocation="http://www.loc.gov/MARC21/slim http://www.loc.gov/standards/marcxml/schema/MARC21slim.xsd"
    xmlns="http://www.loc.gov/MARC21/slim">

  <leader>00804nam a22002057a 4500</leader>
  <controlfield tag="005">20251217122113.0</controlfield>
  <datafield tag="010" ind1=" " ind2=" ">
    <subfield code="a">ENG-147364</subfield>
  </datafield>
  <datafield tag="020" ind1=" " ind2=" ">
    <subfield code="a">9788198307224</subfield>
    <subfield code="c">3704.00</subfield>
  </datafield>
  <datafield tag="035" ind1=" " ind2=" ">
    <subfield code="a">EN-130896</subfield>
  </datafield>
  <datafield tag="037" ind1=" " ind2=" ">
    <subfield code="b">DBAD</subfield>
  </datafield>
  <datafield tag="082" ind1="0" ind2="0">
    <subfield code="a">589.295463</subfield>
    <subfield code="2">1</subfield>
  </datafield>
  <datafield tag="100" ind1=" " ind2=" ">
    <subfield code="a">Das, Kanad</subfield>
    <subfield code="9">86125</subfield>
  </datafield>
  <datafield tag="245" ind1="0" ind2="0">
    <subfield code="a">400 Wild Mushrooms of India:</subfield>
    <subfield code="b">An Illustrated Field Guide/</subfield>
    <subfield code="c">Kanad Das; Dyutiparna Chakraborty [and] Sudeshna Datta</subfield>
  </datafield>
  <datafield tag="260" ind1=" " ind2=" ">
    <subfield code="a">Kolkata</subfield>
    <subfield code="b">Botanical Survey of India,</subfield>
    <subfield code="c">2025</subfield>
  </datafield>
  <datafield tag="270" ind1=" " ind2=" ">
    <subfield code="a">CGo Complex, 3rd MSO Building, Block F,5th &amp; 6th Floor, DF- Block, Sector-I, Salt Lake City </subfield>
    <subfield code="b">Kolkata</subfield>
    <subfield code="e">700064</subfield>
  </datafield>
  <datafield tag="300" ind1=" " ind2=" ">
    <subfield code="a">457p.</subfield>
    <subfield code="b">ill. (some col.), maps ;</subfield>
    <subfield code="c">25 cm.(Hb)</subfield>
  </datafield>
  <datafield tag="700" ind1=" " ind2=" ">
    <subfield code="a">Chakraborty, Dyutiparna </subfield>
    <subfield code="e">Author</subfield>
    <subfield code="9">86126</subfield>
  </datafield>
  <datafield tag="700" ind1=" " ind2=" ">
    <subfield code="a">Datta, Sudeshna </subfield>
    <subfield code="e">Author</subfield>
    <subfield code="9">86127</subfield>
  </datafield>
  <datafield tag="942" ind1=" " ind2=" ">
    <subfield code="2">ddc</subfield>
    <subfield code="c">EN</subfield>
    <subfield code="h">589.295463 </subfield>
    <subfield code="m">DAS</subfield>
  </datafield>
  <datafield tag="999" ind1=" " ind2=" ">
    <subfield code="c">213953</subfield>
    <subfield code="d">213953</subfield>
  </datafield>
  <datafield tag="952" ind1=" " ind2=" ">
    <subfield code="0">0</subfield>
    <subfield code="1">0</subfield>
    <subfield code="4">0</subfield>
    <subfield code="7">0</subfield>
    <subfield code="8">REF</subfield>
    <subfield code="a">JP</subfield>
    <subfield code="b">JP</subfield>
    <subfield code="d">2025-12-17</subfield>
    <subfield code="e">Delivery of Books Act Division</subfield>
    <subfield code="g">3704.00</subfield>
    <subfield code="l">0</subfield>
    <subfield code="o">589.295463  DAS</subfield>
    <subfield code="p">EN-130896</subfield>
    <subfield code="r">2025-12-17 00:00:00</subfield>
    <subfield code="t">1</subfield>
    <subfield code="v">3704.00</subfield>
    <subfield code="w">2025-12-17</subfield>
    <subfield code="y">EN</subfield>
  </datafield>
</record>
